00930nam a2200217 a 4500001000400000003001000004005001700014008004100031020001800072040002500090080001400115100003300129245008900162250001200251260003300263300003400296504002600330505030200356650001800658700003600676778BR-CuiBMT20231117150335.0231117s2011 spba 000 0 por d a9788522462797 aBR-CuiBMTcBR-CuiBMT 22007a6571 aGonçalves, Eugênio Celso aContabilidade geral /cEugênio Celso Gonçalves , Antônio Eustáquio Baptista. a7. ed.  aSão Paulo :bAtlas, c2011 a352 p. :bil. color. ;c24 cm aInclui bibliografia.  aEdição atualizada com as alterações: Lei nº 11.638/2007 (convergência das práticas contábeis adotadas no Brasil com aquelas constantes nas normas internacionais de contabilidade). Medida provisória nº 449/2008(convertida na lei n° 11.941/2009). Resolução CFC nº 1.282/2010. aContabilidade1 aBaptista, Antônio Eustáquio